Eredivisie TOTS - FIFA 22 - Statystyki

Ogólne statystyki
  • Ten quiz został rozwiązany 52 razy
  • Średni wynik to 7 z 11
Statystyki odpowiedzi
Overall Narodowość Klub Piłkarz % Poprawnych
91 Brazylia Ajax Antony
87%
90 Holandia Ajax Timber
80%
95 Holandia Ajax Gravenberch
78%
91 WKS Ajax Haller
76%
91 Turcja Feyenoord Kokcu
64%
92 WKS PSV Sangare
64%
88 Maroko Ajax Mazraoui
56%
90 Holandia PSV Gakpo
53%
87 Niemcy Twente Unnerstall
53%
89 Kolumbia Feyenoord Sinisterra
49%
88 Holandia AZ Wjindal
11%
Nie znaleziono quizów pasujących do podanych kryteriów
Rozkład punktacji
Procent ludzi z każdym wynikiem
Percentyl według liczby udzielonych odpowiedzi
Twoja historia wyników
Nie rozwiązałeś tego quizu